The Islam Quiz - Statistics

General Stats
  • This quiz has been taken 8,198 times
    8,051 since last reset
  • The average score is 18 of 30
Answer Stats
Hint Answer % Correct
Holiest city Mecca
95%
The final prophet of Islam Muhammad
94%
2nd holiest city Medina
89%
Holiest month Ramadan
89%
Islamic law Sharia
81%
permissable Halal
80%
holy war; struggle Jihad
80%
pillar of Islam Hajj (Pilgrimage)
78%
forbidden Haram
78%
The final revelation Qur'an
77%
Pray toward this box Kaaba
75%
pillar of Islam Salat (Prayer)
75%
prayer leader Imam
73%
pillar of Islam Zakat (Giving to the Poor)
73%
3rd holiest city Jerusalem
70%
pillar of Islam Sawm (Fasting)
64%
pillar of Islam Shahadah (Declaration of Faith)
58%
Sayings of the Prophet Hadith
55%
prayer space (Romanized) Mosque
54%
Chapters of the holy book Sura
53%
Direction of prayer Qibla
40%
prayer space (Arabic) Masjid
38%
article of faith God
37%
Traditions/way of life Sunnah
34%
emigration/Islamic calendar Hijra
32%
article of faith Prophets
29%
article of faith Angels
27%
article of faith Judgment Day
20%
article of faith Fate
15%
article of faith Holy Books
13%
No matching quizzes found
Score Distribution
Percent of People with Each Score
Percentile by Number Answered
Your Score History
You have not taken this quiz since the last reset